| 000 | 00709nam a2200205 a 4500 | ||
|---|---|---|---|
| 008 | 060316s1988 ||||||||||||||||| || u | ||
| 020 | _a0078814227 | ||
| 050 | _aZ 286.D47 Mat | ||
| 100 | _aMatthews, Martin S | ||
| 245 | 1 | 0 | _aUsing PageMaker for the PC, version 3. (2nd ed.) |
| 250 | _a2nd ed. | ||
| 260 |
_aBerkeley, Calif. : _bOsborne McGraw-Hill _c1988 |
||
| 300 | _axviii, 579 p. : ill. | ||
| 350 | _a0.00 | ||
| 500 | _aIncludes bibliopgraphy | ||
| 650 | _aDESKTOP PUBLISHING | ||
| 650 | _aTEXTBOOKS | ||
| 700 | _aMatthews, Carole Boggs | ||
| 995 |
_D0.00 _FCBU-MAIN LIBRARY (Kitwe) _H1 _I22.95 _UAVAILABLE _ZAnnex Low-Usage Collection |
||
| 999 |
_c61169 _d61169 |
||